| 000 | 00625nam a2200181Ia 4500 | ||
|---|---|---|---|
| 008 | 100917s9999 xx 000 0 und d | ||
| 082 | _b61697 | ||
| 100 | _aमिराशी वा. वि. | ||
| 245 | _aसंशोधन मुक्तावली खंड 6 वा | ||
| 260 |
_bविदर्भ संशोधन मंडळ _c1972 |
||
| 300 | _a243 | ||
| 365 | _b8 | ||
| 520 | _aनिबंध | ||
| 630 | _aसंशोधन मुक्तावली खंड 6 वा | ||
| 650 | _aनिबंध | ||
| 730 | _aसंशोधन मुक्तावली खंड 6 वा | ||
| 942 | _cBOOK | ||
| 999 |
_c667091 _d667088 |
||